Statistics for Countries that Border Countries that start with M

Click here to take the quiz!

General Stats

  • This quiz has been taken 38 times
  • The average score is 35 of 38

Answer Stats

Answer% Correct
Algeria
100%
France
100%
Greece
100%
Mali
100%
Niger
100%
Russia
100%
Serbia
100%
Thailand
100%
United States
100%
Bulgaria
97%
China
97%
Kosovo
97%
Romania
97%
Tanzania
97%
Ukraine
97%
Belize
95%
Bosnia and Herzegovina
95%
Burkina Faso
95%
Indonesia
95%
Mauritania
95%
Zambia
95%
Albania
92%
Croatia
92%
Guatemala
92%
Senegal
92%
Zimbabwe
92%
India
89%
Morocco
89%
South Africa
89%
Laos
86%
Swaziland
86%
Bangladesh
84%
Brunei
78%
Guinea
78%
Malawi
78%
Spain
78%
Mozambique
76%
Cote d'Ivoire
68%

Score Distribution

Percentile by Number Answered

Percent of People with Each Score

Your Score History

You have not taken this quiz